Typológia podnikov bakalárska práca

Salvato in:
Dettagli Bibliografici
Autore principale: Hajtmanek, Marek
Ente Autore: Fakulta podnikového manažmentu EU. Katedra podnikovohospodárska
Altri autori: Fabian, Peter
Natura: Libro
Lingua:slovacco
Pubblicazione: Bratislava 2010
Tags: Aggiungi Tag
Nessun Tag, puoi essere il primo ad aggiungerne!!

MARC

LEADER 00000nbm a2200000 4500
001 0136697
005 20110914104639.2
041 0 |a slo 
044 |a SK 
245 1 0 |a Typológia podnikov  |b bakalárska práca  |c Marek Hajtmanek ; školiteľ: Peter Fabian 
264 1 |a Bratislava  |c 2010 
300 |a 41 s. 
100 1 |a Hajtmanek, Marek 
700 1 |a Fabian, Peter 
710 2 |a Fakulta podnikového manažmentu EU. Katedra podnikovohospodárska